00477 2200181 4500001002100000005001500021008004100036020002200077035001900099041000700118082000800125090001400133100002300147245004500170250001000215260004400225300002600269INLIS00000000002382420241224131602241224||||||||| | ||| |||| || |  a978-602-350-002-4 0010-1224023824 aid0 a811 a811 SON a0 aSONI FARID MAULANA00aAPRESIASI & PROSES KREATIF MENULIS PUISI aCet.1 aBandungbPenerbit Nuansa Cendekiac2012 a300 hlm.;14,5 x 21 cm